|
|
|
|
| LEADER |
01094nam a2200277 a 4500 |
| 001 |
13922790 |
| 008 |
120627s2004 enka j 000 0 eng d |
| 010 |
|
|
|a 2005297387
|
| 020 |
|
|
|a 0521752191
|
| 020 |
|
|
|a 9780521752190
|
| 035 |
|
|
|a (OCoLC)ocm48782462
|
| 040 |
|
|
|a UKM
|c UKM
|d OCLCQ
|d C#P
|d DLC
|d BD-DhAAL
|
| 082 |
0 |
4 |
|a 428.6
|2 21
|
| 100 |
1 |
|
|a Rose, Gerald.
|
| 245 |
1 |
4 |
|a The clever tortoise /
|c Gerald Rose.
|
| 250 |
|
|
|a Cambridge Storybooks ed.
|
| 260 |
|
|
|a Cambridge ;
|a New York :
|b Cambridge University Press,
|c 2004.
|
| 300 |
|
|
|a 16 p. :
|b col. ill. ;
|c 23 cm.
|
| 440 |
|
0 |
|a Cambridge storybooks
|
| 500 |
|
|
|a Originally published: 1996.
|
| 500 |
|
|
|a "Level 2: for young learners (Beginner/Elementary)"--P. [3] of cover.
|
| 541 |
1 |
|
|e 00025469
|
| 650 |
|
0 |
|a Readers (Elementary)
|
| 852 |
1 |
|
|a Ayesha Abed library
|c General Shelf
|
| 999 |
|
|
|c 12453
|d 12453
|
| 952 |
|
|
|0 0
|1 0
|2 ddc
|4 0
|6 428_600000000000000_ROS
|7 0
|9 20596
|a BRACUL
|b BRACUL
|c GEN
|d 2012-07-02
|e Karim International
|g 514.75
|l 1
|m 2
|o 428.6 ROS
|p 3010025469
|r 2024-05-28
|s 2024-05-14
|t 1
|w 2012-07-02
|y BK
|x Transferred from BIL to BRACUL on 06/06/22
|